[Event "Krapina op 7th"]
[Site "Krapina"]
[Date "2017.01.15"]
[Round "7.11"]
[White "Franc, Borna"]
[Black "Kralj, Kresimir"]
[Result "0-1"]
[WhiteElo "1660"]
[BlackElo "1749"]
[PlyCount "58"]
[EventDate "2017.01.12"]
[EventType "swiss"]
[EventRounds "7"]
[EventCountry "CRO"]
[Source "Mirjana Medic"]
[SourceDate "2017.01.13"]

1. e4 c5 2. Nf3 g6 3. d4 Bg7 4. dxc5 Qa5+ 5. c3 Qxc5 6. Be3 Qc7 7. Be2 Nc6 8.
O-O Nf6 9. Nbd2 O-O 10. Qc2 b6 11. h3 Bb7 12. Rac1 Rac8 13. Rfd1 d5 14. exd5
Nxd5 15. Bg5 Nf4 16. Bf1 Nd4 17. Nxd4 Bxd4 18. Qa4 Be5 19. Nc4 Nxh3+ 20. Kh1
Nxf2+ 21. Kg1 Nh3+ 22. Kh1 Nxg5 23. Rd7 Qb8 24. Nxe5 Rc5 25. Nd3 Bc6 26. Qh4
Nf3 27. Qh6 Rh5+ 28. Qxh5 gxh5 29. gxf3 Bxd7 0-1

[Event "Krapina op 7th"]
[Site "Krapina"]
[Date "2017.01.15"]
[Round "7.13"]
[White "Grmovsek, Mihael"]
[Black "Oreski, Zdravko"]
[Result "1/2-1/2"]
[WhiteElo "1626"]
[BlackElo "1527"]
[PlyCount "22"]
[EventDate "2017.01.12"]
[EventType "swiss"]
[EventRounds "7"]
[EventCountry "CRO"]
[Source "Mirjana Medic"]
[SourceDate "2017.01.13"]

1. e4 c5 2. Nc3 Nc6 3. Nf3 d6 4. Bc4 e6 5. O-O Nf6 6. h3 Be7 7. a3 a6 8. d3 Nd4
9. Nxd4 cxd4 10. Ne2 b5 11. Ba2 O-O 1/2-1/2

[Event "Krapina op 7th"]
[Site "Krapina"]
[Date "2017.01.15"]
[Round "7.14"]
[White "Tretinjak, Dario"]
[Black "Vincelj, Leopold"]
[Result "1-0"]
[WhiteElo "1801"]
[BlackElo "1642"]
[PlyCount "81"]
[EventDate "2017.01.12"]
[EventType "swiss"]
[EventRounds "7"]
[EventCountry "CRO"]
[Source "Mirjana Medic"]
[SourceDate "2017.01.13"]

1. d4 e6 2. c4 b6 3. Nc3 Bb7 4. e4 Be7 5. Nf3 d6 6. Bd3 h6 7. b3 Nd7 8. Bb2 Bf6
9. Rc1 Ne7 10. O-O a6 11. Re1 e5 12. dxe5 dxe5 13. Nd5 Bxd5 14. exd5 Ng6 15.
Bxg6 fxg6 16. Nxe5 O-O 17. Nxd7 Qxd7 18. Bxf6 gxf6 19. Qd3 Kg7 20. Re6 Rae8 21.
Rce1 Rxe6 22. Rxe6 Re8 23. Re3 Rxe3 24. Qxe3 f5 25. f4 Kf7 26. Qe5 h5 27. h3
Qd6 28. Kh2 a5 29. Kg3 Qd7 30. Kf3 Qd6 31. Qxd6 cxd6 32. h4 Ke7 33. Ke3 Kd7 34.
Kd4 Kc7 35. a3 Kb7 36. b4 axb4 37. axb4 Kc7 38. c5 b5 39. cxd6+ Kxd6 40. g3 Kd7
41. Kc5 1-0

[Event "Krapina op 7th"]
[Site "Krapina"]
[Date "2017.01.15"]
[Round "7.15"]
[White "Kovac, Mihael"]
[Black "Puljic, Ljubomir"]
[Result "1-0"]
[WhiteElo "1687"]
[BlackElo "1387"]
[PlyCount "79"]
[EventDate "2017.01.12"]
[EventType "swiss"]
[EventRounds "7"]
[EventCountry "CRO"]
[Source "Mirjana Medic"]
[SourceDate "2017.01.13"]

1. e4 d5 2. exd5 Qxd5 3. c4 Qd8 4. d4 Nf6 5. Nf3 h6 6. h3 e6 7. Nc3 Bb4 8. a3
Bxc3+ 9. bxc3 O-O 10. Bd3 b6 11. O-O Bb7 12. Ne5 Nbd7 13. f4 c5 14. Be3 Ne4 15.
Nxd7 Qxd7 16. Qc2 f5 17. dxc5 Qc6 18. Bxe4 fxe4 19. cxb6 a6 20. c5 Rf7 21. Rad1
Qe8 22. Rd6 Rf5 23. c4 Rd8 24. Rfd1 Rxd6 25. Rxd6 Kh7 26. Qd1 Bc6 27. Rd8 Qe7
28. Qd6 Qh4 29. Bf2 Qf6 30. g3 Qa1+ 31. Kg2 e3+ 32. Qxc6 Qb2 33. Qf3 e2 34. Qe3
Rxc5 35. Rd2 Qc1 36. Rxe2 Qxc4 37. Qe4+ Qxe4+ 38. Rxe4 Rc3 39. b7 Rb3 40. Rb4
1-0

[Event "Krapina op 7th"]
[Site "Krapina"]
[Date "2017.01.15"]
[Round "7.16"]
[White "Kostelac, Tea"]
[Black "Krklec, Josip"]
[Result "1/2-1/2"]
[WhiteElo "1333"]
[BlackElo "1606"]
[PlyCount "61"]
[EventDate "2017.01.12"]
[EventType "swiss"]
[EventRounds "7"]
[EventCountry "CRO"]
[Source "Mirjana Medic"]
[SourceDate "2017.01.13"]

1. e4 e5 2. Nf3 Nc6 3. Bc4 Nf6 4. Nc3 Bb4 5. a3 Bxc3 6. dxc3 Nxe4 7. Qd5 Nd6 8.
Nxe5 O-O 9. Nxc6 dxc6 10. Qd4 Nxc4 11. Qxc4 Re8+ 12. Be3 Qd5 13. Qxd5 cxd5 14.
O-O-O c6 15. c4 dxc4 16. Rhe1 Be6 17. Rd2 a6 18. Bb6 Bd5 19. Rxe8+ Rxe8 20. f3
Re1+ 21. Rd1 Rxd1+ 22. Kxd1 Kf8 23. c3 Ke7 24. Kd2 h5 25. Ke3 Ke6 26. g3 g5 27.
Bd8 f6 28. f4 Kf5 29. fxg5 fxg5 30. h4 gxh4 31. gxh4 1/2-1/2